000 01305cab a2200217 4500
001 ##E134802
008 060309n2006 000 0 eng u
035 _a(Sirsi) u134802
041 0 _aeng
110 1 _aUnited Kingdom
_bDepartment of Trade and Industry
245 0 0 _aOutput and employment in the construction industry
_bsecond quarter 2006
260 _c2006
490 0 _aDTI Press Release
_v1 September 2006
520 _aConstruction output in the year to the second quarter of 2006 remained unchanged compared to 2005. Output in the second quarter of 2006 rose by 1% in both volume and in current prices compared to the first quarter of 2006. New work in the year to the second quarter of 2006 was 2% higher than the previous year and rose by 2% from the first to the second quarter of 2006. The number of employees (seasonally adjusted) in employment in April 2006 was 2% lower than in January 2006, but remained unchanged when compared with April 2005.
590 _aIKA050906 NTK
650 2 4 _aDBERR OUTPUT AND EMPLOYMENT IN THE CONSTRUCTION INDUSTRY
651 4 _aGREAT BRITAIN
690 _aBUILT ENVIRONMENT-CONSTRUCTION MARKET
856 4 0 _uhttps://www.gnn.gov.uk/Content/Detail.asp?ReleaseID=224057&NewsAreaID=2
_zView the item free of charge at www.gnn.gov.uk...
942 _n0
999 _c105806
_d105806